Dr. Chris Kirkpatrick Whistleblower Protection Act of 2015 : report of the Committee on Homeland Security and Governmental Affairs, United States Senate, to accompany S. 2127, to provide appropriate protections to probationary federal employees, to provide the Special Counsel with adequate access to information, to provide greater awareness of federal whistleblower protections, and for other purposes.

Bibliographic Details
Corporate Author: United States. Congress. Senate. Committee on Homeland Security and Governmental Affairs (Author)
Format: Government Document eBook
Language:English
Published: Washington : U.S. Government Publishing Office, 2016.
Series:Report / 114th Congress, 2d session, Senate ; 114-262
Subjects:
Online Access:PDF version:
Text version:
PDF version:
Text version:

MARC

Tag First Indicator Second Indicator Subfields
LEADER 00000cam a2200000 i 4500
001 in00003734813
005 20210430154124.0
006 m o d f
007 cr b|||||a||||
008 160602s2016 dcu ob f000 0 eng c
035 |a (OCoLC)ocn951033612 
042 |a pcc 
043 |a n-us--- 
040 |a GPO  |b eng  |e rda  |e pn  |c GPO  |d GPO  |d STF  |d OCLCO  |d OCLCF  |d GPO  |d MvI 
049 |a WWW 
050 1 4 |a KF31  |b .H65 2016m 
074 |a 1008-G (online) 
086 0 |a Y 1.1/5:114-262 
110 1 |a United States.  |b Congress.  |b Senate.  |b Committee on Homeland Security and Governmental Affairs,  |e author. 
245 1 0 |a Dr. Chris Kirkpatrick Whistleblower Protection Act of 2015 :  |b report of the Committee on Homeland Security and Governmental Affairs, United States Senate, to accompany S. 2127, to provide appropriate protections to probationary federal employees, to provide the Special Counsel with adequate access to information, to provide greater awareness of federal whistleblower protections, and for other purposes. 
246 3 |a Doctor Chris Kirkpatrick Whistleblower Protection Act of 2015 
264 1 |a Washington :  |b U.S. Government Publishing Office,  |c 2016. 
300 |a 1 online resource (ii, 22 pages). 
336 |a text  |b txt  |2 rdacontent 
337 |a computer  |b c  |2 rdamedia 
338 |a online resource  |b cr  |2 rdacarrier 
490 1 |a Report / 114th Congress, 2d session, Senate ;  |v 114-262 
500 |a Title from title screen (viewed on June 2, 2016). 
500 |a "May 26, 2016." 
504 |a Includes bibliographical references. 
650 0 |a Whistle blowing  |x Law and legislation  |z United States. 
650 0 |a Disclosure of information  |x Law and legislation  |z United States. 
650 0 |a Probationary employees  |x Legal status, laws, etc.  |z United States. 
610 1 0 |a United States.  |b Department of Veterans Affairs  |x Rules and practice. 
610 1 0 |a United States.  |b Office of Special Counsel. 
610 1 7 |a United States.  |b Department of Veterans Affairs.  |2 fast  |0 (OCoLC)fst01802763 
610 1 7 |a United States.  |b Office of Special Counsel.  |2 fast  |0 (OCoLC)fst00673020 
650 7 |a Disclosure of information  |x Law and legislation.  |2 fast  |0 (OCoLC)fst00894874 
650 7 |a Probationary employees  |x Legal status, laws, etc.  |2 fast  |0 (OCoLC)fst01077819 
650 7 |a Whistle blowing  |x Law and legislation.  |2 fast  |0 (OCoLC)fst01174587 
651 7 |a United States.  |2 fast  |0 (OCoLC)fst01204155 
655 7 |a Legislative materials.  |2 lcgft 
655 7 |a Legislative materials.  |2 fast  |0 (OCoLC)fst01774285 
655 7 |a Rules.  |2 fast  |0 (OCoLC)fst01423857 
776 0 8 |i Print version:  |a United States. Congress. Senate. Committee on Homeland Security and Governmental Affairs.  |t Dr. Chris Kirkpatrick Whistleblower Protection Act of 2015  |w (OCoLC)951477991 
776 0 8 |i Microfiche version:  |a United States. Congress. Senate. Committee on Homeland Security and Governmental Affairs.  |t Dr. Chris Kirkpatrick Whistleblower Protection Act of 2015  |w (OCoLC)962735455 
810 1 |a United States.  |b Congress.  |b Senate.  |t Report ;  |v 114-262. 
856 4 0 |3 PDF version:  |u https://purl.fdlp.gov/GPO/gpo68636  |t 0 
856 4 0 |3 Text version:  |u https://purl.fdlp.gov/GPO/gpo68637  |t 0 
856 4 0 |3 PDF version:  |u http://purl.fdlp.gov/GPO/gpo68636  |t 0 
856 4 0 |3 Text version:  |u http://purl.fdlp.gov/GPO/gpo68637  |t 0 
999 f f |s 0556ca64-5ec7-3e3e-afa0-e987e552a301  |i 48510811-287e-3d71-b499-d658f3d95ff1  |t 0 
952 f f |a Texas A&M University  |b College Station  |c Electronic Resources  |d Available Online  |t 0  |e Y 1.1/5:114-262  |h Superintendent of Documents classification 
998 f f |a Y 1.1/5:114-262  |t 0  |l Available Online